<?xml version="1.0" encoding="UTF-8"?>
<collection xmlns="http://www.loc.gov/MARC21/slim">
 <record>
  <leader>00470na  a2200181   4500</leader>
  <controlfield tag="001">000032331</controlfield>
  <controlfield tag="003">8412</controlfield>
  <controlfield tag="005">20151002091330.0</controlfield>
  <controlfield tag="008">151002s2004                  000</controlfield>
  <datafield tag="082" ind1=" " ind2=" ">
   <subfield code="a">495.13</subfield>
  </datafield>
  <datafield tag="245" ind1=" " ind2=" ">
   <subfield code="a">Từ điển chủ điểm Hán-Việt hiện đại</subfield>
   <subfield code="c">Trương Văn Giới</subfield>
  </datafield>
  <datafield tag="260" ind1=" " ind2=" ">
   <subfield code="c">2004</subfield>
  </datafield>
  <datafield tag="OWN" ind1=" " ind2=" ">
   <subfield code="a">LNN</subfield>
  </datafield>
  <datafield tag="999" ind1=" " ind2=" ">
   <subfield code="a">From the UDN01</subfield>
  </datafield>
  <datafield tag="TYP" ind1=" " ind2=" ">
   <subfield code="a">Printed language</subfield>
  </datafield>
  <datafield tag="980" ind1=" " ind2=" ">
   <subfield code="a">Mạng thư viện Đại học Đà Nẵng</subfield>
  </datafield>
 </record>
</collection>
